Quick Pick: Noble Gases Quiz Stats

 Plays Quiz Updated Mar 28, 2016

Challenge
Share
Tweet
Embed
Score 0/6 Timer 00:30
2 Plays Today
% Correct
Argon
91.3%
Neon
86.8%
Xenon
83.7%
Radon
83.2%
Helium
78.2%
Krypton
71%

Today's Daily Dose

You're not logged in!

Compare scores with friends on all Sporcle quizzes.
Join for Free
OR
Log In

You Might Also Like...

Show Comments

Extras

Top Quizzes Today


Score Distribution

Your Account Isn't Verified!

In order to create a playlist on Sporcle, you need to verify the email address you used during registration. Go to your Sporcle Settings to finish the process.

Report this User

Report this user for behavior that violates our Community Guidelines.

Details: